000096221 001__ 96221
000096221 005__ 20241125101123.0
000096221 0247_ $$2doi$$a10.1016/j.nrl.2020.07.023
000096221 0248_ $$2sideral$$a120582
000096221 037__ $$aART-2023-120582
000096221 041__ $$aspa
000096221 100__ $$0(orcid)0000-0002-6506-1037$$aTejada Meza, H.$$uUniversidad de Zaragoza
000096221 245__ $$aImpacto en los tiempos puerta-aguja de un conjunto de medidas para optimizar la atención hospitalaria del código ictus
000096221 260__ $$c2023
000096221 5060_ $$aAccess copy available to the general public$$fUnrestricted
000096221 5203_ $$aIntroducción: El tiempo sigue siendo una variable determinante para los tratamientos de reper-fusión del ictus isquémico agudo. A pesar de las recomendaciones de las guías clínicas, soloalrededor de la tercera parte de los pacientes con ictus isquémico agudo son fibrinolizadosen = 60 min. El objetivo de este trabajo es describir nuestra experiencia implementando unprotocolo específico de atención del ictus isquémico agudo y evaluar su impacto en nuestrostiempos puerta-aguja.
Métodos: A finales del 2015, se implantaron gradualmente unas medidas dise ~nadas para acortarlos tiempos de actuación y optimizar la atención del ictus isquémico agudo incluyendo unaguardia específica de Neurovascular. Se compararon los tiempos de actuación antes (2013-2015)y después (2017-2019) de la introducción de este protocolo.
Resultados: Se incluyó a 182 pacientes antes y 249 después de la intervención. Cuando todas lasmedidas fueron introducidas, la mediana global de tiempo puerta-aguja fue de 45 min (previa74 min, 39% menos, p < 0, 001) con un 73, 5% de pacientes tratados en = 60 min (47% más quepreintervención, p < 0, 001). El tiempo global al tratamiento (inicio síntoma-aguja) se redujo en20 min de mediana (p < 0, 001).
Conclusiones: Las medidas asociadas en nuestro protocolo han conseguido una disminución deltiempo puerta-aguja de forma significativa y sostenida, aunque todavía nos queda margen demejora, la dinámica establecida de control de resultados y mejora continua hará posible seguiravanzando en este sentido.
000096221 540__ $$9info:eu-repo/semantics/openAccess$$aby-nc-nd$$uhttp://creativecommons.org/licenses/by-nc-nd/3.0/es/
000096221 590__ $$a2.9$$b2023
000096221 591__ $$aCLINICAL NEUROLOGY$$b102 / 280 = 0.364$$c2023$$dQ2$$eT2
000096221 594__ $$a5.9$$b2023
000096221 592__ $$a0.517$$b2023
000096221 593__ $$aNeurology (clinical)$$c2023$$dQ3
000096221 593__ $$aMedicine (miscellaneous)$$c2023$$dQ3
000096221 655_4 $$ainfo:eu-repo/semantics/article$$vinfo:eu-repo/semantics/publishedVersion
000096221 700__ $$aSaldaña Inda, I.$$uUniversidad de Zaragoza
000096221 700__ $$0(orcid)0000-0002-4407-6790$$aSerrano Ponz, M.$$uUniversidad de Zaragoza
000096221 700__ $$0(orcid)0000-0002-9788-2083$$aAra, J. R.
000096221 700__ $$0(orcid)0000-0003-3574-3034$$aMarta Moreno, J.$$uUniversidad de Zaragoza
000096221 7102_ $$11007$$2610$$aUniversidad de Zaragoza$$bDpto. Medicina, Psiqu. y Derm.$$cArea Medicina
000096221 773__ $$g38, 3 (2023), 141-149$$pNeurología (Barc.)$$tNEUROLOGIA$$x0213-4853
000096221 8564_ $$s865541$$uhttps://zaguan.unizar.es/record/96221/files/texto_completo.pdf$$yVersión publicada
000096221 8564_ $$s1868474$$uhttps://zaguan.unizar.es/record/96221/files/texto_completo.jpg?subformat=icon$$xicon$$yVersión publicada
000096221 909CO $$ooai:zaguan.unizar.es:96221$$particulos$$pdriver
000096221 951__ $$a2024-11-22-11:56:57
000096221 980__ $$aARTICLE